| 000 | 00369nam a2200133Ia 4500 | ||
|---|---|---|---|
| 008 | 210430s9999 xx 000 0 und d | ||
| 020 | _a9698854002 | ||
| 082 | _a297 H968 T | ||
| 100 |
_aIqbal S. Hussain _9356 |
||
| 245 | 4 |
_aThe Decline of the Muslim Ummah / _cIqbal S. Hussain |
|
| 260 |
_aLahore, London _bIqbal S.Hussain _c2004 |
||
| 300 | _a467p | ||
| 942 |
_cBK _2ddc |
||
| 999 |
_c562271 _d562271 |
||